|
|
|
|
| LEADER |
00887nab a2200241 i 4500 |
| 001 |
misc65740 |
| 005 |
20230512112039.0 |
| 008 |
230314s1955 hu o 0|| ger d |
| 040 |
|
|
|a SZTE Miscellanea Repozitórium
|b hun
|
| 041 |
|
|
|a ger
|
| 041 |
|
|
|a rus
|
| 100 |
1 |
|
|a Telegdi Zsigmond
|
| 245 |
1 |
0 |
|a Beiträge zur historischen Grammatik des Neupersischen
|h [elektronikus dokumentum] /
|c Telegdi Zsigmond
|
| 260 |
|
|
|a MTA
|b Budapest
|c 1955
|
| 300 |
|
|
|a 67-183
|c 23 cm
|
| 300 |
|
|
|a [117] p.
|c 23 cm
|
| 490 |
0 |
|
|a Acta Linguistica Academiae Scientiarum Hungaricae;Acta linguistica Hungarica : an international journal of linguistics
|
| 561 |
|
|
|a Németh Gyula hagyaték
|
| 591 |
|
|
|a NOP 5977
|
| 650 |
|
4 |
|a Bölcsészettudományok
|
| 650 |
|
4 |
|a Nyelvek és irodalom
|
| 695 |
|
|
|a Iráni nyelvek - nyelvtörténet
|
| 856 |
4 |
0 |
|u http://misc.bibl.u-szeged.hu/65740/1/5977_nop.pdf
|z Dokumentum-elérés
|